|
|
|
|
| LEADER |
00000nam a22000007a 4500 |
| 005 |
20201112212010.0 |
| 007 |
cr|||| |||| |
| 008 |
201112s2020 es |||||s|||| 00||0 spa d |
| 020 |
|
|
|a 978-84-1324-743-4
|
| 035 |
|
|
|a 32117
|
| 040 |
|
|
|a vLex
|
| 090 |
|
|
|c 10847
|d 10847
|
| 100 |
1 |
|
|a Otero Garca̕-Castrilln̤, Carmen
|
| 245 |
1 |
0 |
|a Ejecucin̤ de decisiones relativas a deudas monetarias en la Unin̤ Europea Experiencia espaǫla y adopcin̤ de decisiones informadas
|h [Recurso electrn̤ico] /
|c Carmen Otero Garca̕-Castrilln̤
|
| 256 |
|
|
|a Servicio en ln̕ea
|
| 260 |
|
|
|a Madrid:
|b Dykinson,
|c 2020
|
| 300 |
|
|
|a 1 recurso electrn̤ico
|
| 506 |
1 |
|
|a Disponible solo en los productos indicados
|d vLex Global
|d vLex Global (Academic Edition, excluding Law Schools)
|d vLex Global (U.S. Academic Edition, Law Schools)
|d vLex Global (U.S. Academic Edition, excluding Law Schools)
|d vLex Global (Academic Edition, Law Schools)
|
| 650 |
0 |
4 |
|a Derecho Comunitario
|z Espaą
|
| 740 |
0 |
|
|a vLex Libros (Servicio en ln̕ea)
|
| 856 |
4 |
0 |
|u http://vlex.com/source/ejecucion-decisiones-relativas-deudas-monetarias-union-europea-32117
|z Acceso restringido
|
| 942 |
|
|
|c BOOK
|
| 999 |
0 |
|
|a Community Law
|